Hijos ilustres de las islas Canarias (Record no. 159671)

MARC details
000 -LEADER
campo de control de longitud fija 01015nam a22002295i 4500
001 - NÚMERO DE CONTROL
campo de control 159671
003 - IDENTIFICADOR DE NÚMERO DE CONTROL
campo de control ES-MaACL
005 - FECHA Y HORA DE LA ÚLTIMA TRANSACCIÓN
campo de control 20230906211725.0
008 - DATOS DE LONGITUD FIJA--INFORMACIÓN GENERAL
campo de control de longitud fija 900522m18781879sp |||| |cspa d
040 ## - FUENTE DE CATALOGACIÓN
Centro catalogador/agencia de origen CAT
Lengua de catalogación spa
Centro/agencia transcriptor CAT
Centro/agencia modificador CCPB
043 ## - CÓDIGO DE ÁREA GEOGRÁFICA
Código de área geográfica e-sp
080 ## - NÚMERO DE LA CLASIFICACIÓN DECIMAL UNIVERSAL
Número de la Clasificación Decimal Universal 929
100 1# - ENTRADA PRINCIPAL--NOMBRE DE PERSONA
Nombre de persona Millares Torres, Agustín.
9 (RLIN) 81182
245 10 - MENCIÓN DEL TÍTULO
Título Hijos ilustres de las islas Canarias
Resto del título : biografías de canarios cèlebres [sic] /
Mención de responsabilidad, etc. por Agustín Millares.
250 ## - MENCION DE EDICION
Mención de edición 2a ed. refundida, considerablemente aum. y precedida de un Estudio sobre los progresos de la civilización en el archipiélago, desde su conquista hasta nuestros días.
260 ## - PUBLICACIÓN, DISTRIBUCIÓN, ETC.
Lugar de publicación, distribución, etc. Las Palmas de Gran-Canaria :
Nombre del editor, distribuidor, etc. [s.n.],
Fecha de publicación, distribución, etc. 1879 (
Fabricante Imp. de Francisco Martín González)
300 ## - DESCRIPCIÓN FÍSICA
Extensión 349 p. ;
Dimensiones 23 cm.
651 #4 - PUNTO DE ACCESO ADICIONAL DE MATERIA--NOMBRE GEOGRÁFICO
Nombre geográfico Canarias-
Subdivisión general Biografías.
9 (RLIN) 137081
700 1# - ENTRADA AGREGADA--NOMBRE PERSONAL
Nombre de persona Martín González, Francisco,
Término indicativo de función/relación
9 (RLIN) 77513
752 ## - ENTRADA AGREGADA--NOMBRE JERÁRQUICO DEL LUGAR
País o entidad superior España -
Ciudad Las Palmas de Gran Canaria
852 ## - LOCALIZACIÓN
Ubicación ES-MaACL
Número de control de estantería G-13190
Nota libre -- Enc. hol.
-- -- An. ms.: ded. del autor al Ateneo de Madrid
Holdings
Estatus retirado Estado de pérdida Estado de daño No para préstamo Colección Biblioteca de origen Biblioteca actual Ubicación en estantería Fecha de adquisición Fuente de adquisición Total de préstamos Signatura topográfica completa Código de barras Visto por última vez Precio de reemplazo Tipo de ítem Koha
        Libros del s. XIX Biblioteca del Ateneo de Madrid Biblioteca del Ateneo de Madrid Sala Pecera Planta 3 17/01/2008     G-13190 1167158 23/02/2023 23/02/2023 Libro impreso antiguo